000 00983nam a2200289Ia 4500
001 H4736
003 IT-RoPAU
008 130308s9999 xx 000 0 und d
040 _aIT-RoPAU
040 _cIT-RoPAU
041 _aITALIANO
100 _aMazzei Luca
100 _gCodice Aut. SPICS: 55641
245 _aConti con la (propria) storia (I)
245 _bIdea Documentaria (L'). Altri Sguardi dal Cinema Italiano
250 _a2a ed.
260 _aTORINO
260 _bLindau
260 _c2004 [1° Ed.:2003 - Ed.Ling.Originale:2003]
300 _a"9 p. (prefazione: no ; testo: 9 [pagine: 241-249])"
500 _aTutto Inizio' con un 32 (Perche' 6 Non vuol Dire Sufficiente). Un Problemadi Scelte. l'era del Muto. tutto (R)Comincio' nel 1991, Anzi nel 1993. tornare in Provincia per tornare in Europa. Scomporre per Ricostruire.
650 _aGENERI CINEMATOGRAFICI
650 _eCodice materia Spics: 6810
942 _cBK
957 _71
999 _c83633
_d83633
999 _g1